000 00859nam a22002057a 4500
008 111025s2000 enk|||||r|||| 001 0 eng d
020 _a0521593492
020 _a9780521593496
082 _222
_a621.3662
_bHEN
100 _927585
_aHenderson, Brain
245 _aCrystal-Field Engineering of Solid-State Laser Materials /
_cBrian Henderson; Ralph H. Bartram
260 _aCambridge ; New York :
_bCambridge University Press, 2000.
_c2000
300 _axv, 398p :
_bill. ;
_c26 cm.
490 _927586
_aCambridge Studies in Modern Optics
504 _aIncludes bibliographical references (p. 372-391) and index.
653 _bGen
_cOctober2011
700 _927587
_aBartram, Ralph H.
942 _2ddc
_cBB
999 _c16155
_d16155